Làng Mô /

Bewaard in:
Bibliografische gegevens
Hoofdauteur: Thu Loan.
Formaat: Artikel
Taal:Vietnamese
Onderwerpen:
Tags: Voeg label toe
Geen labels, Wees de eerste die dit record labelt!
Thư viện lưu trữ: Thư viện Trường Đại học Đà Lạt
LEADER 00707nam a2200265 4500
001 DLU100104356
005 ##20100309
040 # # |a DLU  |b vie 
041 # # |a vie 
044 # # |a vn 
100 # # |a Thu Loan. 
245 # # |a Làng Mô /  |c Thu Loan. 
653 # # |a Cuộc sống đô thị 
653 # # |a Tâm lí xã hội 
653 # # |a Tệ nạn xã hội 
773 # # |t Văn hóa các dân tộc  |g Số4(172), 2008, tr. 20-24 
920 # # |a Phòng Tạp chí -- Trung tâm Thông tin - Thư viện Trường Đại học Đà Lạt 
994 # # |a DLU 
900 # # |a True 
911 # # |a Nguyễn Thị Linh Chi 
925 # # |a G 
926 # # |a A 
927 # # |a BB 
980 # # |a Thư viện Trường Đại học Đà Lạt